| Поле | Название | Значение |
| |
Тип записи |
a |
| |
Библиографический уровень |
m |
| 001 |
Контрольный номер |
RSL-KNO-003144187 |
| 005 |
Дата корректировки |
20241022124042.7 |
| 010 |
Индекс ISBN |
__ |
| a |
ISBN |
978-5-382-00183-8 |
| d |
Цена |
232-76 |
| 100 |
Данные общей обработки |
__ |
| a |
Данные общей обработки |
19070712d2007 |||y0rusy0189 ca |
| 101 |
Язык документа |
0_ |
| a |
Язык текста |
rus |
| 102 |
Страна публикации |
__ |
| a |
Страна публикации |
RU |
| 102 |
Страна публикации |
__ |
| a |
Страна публикации |
RU |
| 105 |
Кодированные данные (монография) |
__ |
| a |
Кодированные данные (монография) |
y zzzz000zy |
| 200 |
Заглавие и сведения об ответственности |
1_ |
| a |
Заглавие |
Витализм |
| e |
Сведения, относящиеся к заглавию |
его ист. и система : с доп. к рус. изд. авт. и переводчика |
| f |
Первые сведения об ответственности |
Г. Дриш ; пер. с нем. А. Г. Гурвича |
| 200 |
Заглавие и сведения об ответственности |
1_ |
| d |
Параллельное заглавие |
Der vitalismus. Als Geschichte und als Lehre |
| 205 |
Сведения об издании |
__ |
| a |
Основные сведения об издании |
Изд. 2-е |
| 210 |
Выходные данные |
1_ |
| a |
Место издания |
Москва |
| c |
Издательство |
URSS |
| d |
Дата издания |
2007 |
| 215 |
Физическое описание |
__ |
| a |
Объем |
278 с. |
| c |
Иллюстрации/тип воспроизводства |
ил. |
| 225 |
Серия (Журнальная рубрика) |
2_ |
| a |
Серия (Журнальная рубрика) |
Из наследия мировой философской мысли |
| i |
Наименование части |
Философия науки |
| 300 |
Общие примечания |
__ |
| a |
Общие примечания |
Данные тит. с. частично парал. нем. |
| 300 |
Общие примечания |
__ |
| a |
Общие примечания |
Текст на древнерус. яз. |
| 318 |
Примечание о действии |
__ |
| a |
Действие |
п |
| 330 |
Аннотация |
__ |
| a |
Аннотация |
В предлагаемой книге дается всестороннее освещение концепции витализма - учения об особой "жизненной силе", управляющей явлениями, отличающими живые существа от неодушевленных предметов. Рекомендуется философам и методологам науки, биологам и историкам биологии, а также всем заинтересованным читателям. |
| 606 |
Тематические рубрики |
__ |
| a |
Основная рубрика |
Философия |
| 606 |
Тематические рубрики |
__ |
| a |
Основная рубрика |
Биология |
| 606 |
Тематические рубрики |
__ |
| a |
Основная рубрика |
Жизнь и ее происхождение |
| 610 |
Ключевые слова |
0_ |
| a |
Ключевые слова |
история философии |
| 610 |
Ключевые слова |
0_ |
| a |
Ключевые слова |
витализм |
| 686 |
Индексы других классификаций |
__ |
| 2 |
Код системы |
rubbk |
| a |
Индекс ББК |
87.3(4Гем) |
| 686 |
Индексы других классификаций |
__ |
| a |
Индекс ББК |
28.01 |
| 700 |
Автор |
_1 |
| a |
Фамилия |
Дриш |
| b |
Имя |
Г. |
| f |
Даты |
1867-1941 |
| g |
Полное личное имя |
Ганс |
| 801 |
Источник записи |
_0 |
| a |
Страна |
RU |
| b |
Организация |
РГБ |
| c |
Дата составления |
20070712 |
| 801 |
Источник записи |
_1 |
| a |
Страна |
RU |
| b |
Организация |
РГБ |
| c |
Дата составления |
20070712 |
| 801 |
Источник записи |
_2 |
| a |
Страна |
RU |
| b |
Организация |
Центральная районная библиотека им. Г. А. Пирожникова |
| c |
Дата составления |
20070712 |
| 852 |
Данные о местонахождении |
__ |
| j |
Шифр хранения |
87.3(4Гем) |
| i |
Авторский знак |
Д 74 |
| b |
Сигла хранения |
ООЧ; 8 |
| 901 |
Тип документа |
__ |
| t |
Тип документа |
m |
| 902 |
Роль лиц |
__ |
| a |
Создатель БЗ |
ОКиО/Струналь |
| 990 |
Данные о заказе (DOS) |
__ |
| j |
Количество экземпляров (DOS) |
2 |
| h |
N записи в КСУ для Б/У (DOS) |
2011-7 |